|
|
|
|
| LEADER |
01017nam a2200325 4500 |
| 001 |
DLU110127298 |
| 005 |
##20111028 |
| 008 |
##920608s1992 nyua b 001 0 eng |
| 010 |
# |
# |
|a 92021075
|
| 020 |
# |
# |
|a 0201544350 :
|5 8.00
|
| 035 |
# |
# |
|9 (DLC) 92021075
|
| 040 |
# |
# |
|a DLC
|c DLC
|d DLC
|
| 082 |
# |
# |
|a 005.1
|b Obj
|
| 245 |
# |
# |
|a Object-oriented software engineering :
|b a use case driven approach /
|c Ivar Jacobson ... [et al.].
|
| 260 |
# |
# |
|a [New York] :
|b ACM Press ;
|a Wokingham, Eng. ;
|a Reading, Mass. :
|b Addison-Wesley Pub.,
|c c1992.
|
| 300 |
# |
# |
|a xx, 524 p. :
|b ill. ;
|c 21x30 cm.
|
| 504 |
# |
# |
|a Includes bibliographical references (p. 513-520) and index.
|
| 650 |
# |
# |
|a Computer software
|x Development.
|
| 650 |
# |
# |
|a Object-oriented programming (Computer science)
|
| 923 |
# |
# |
|a 01/2011CT
|
| 991 |
# |
# |
|a GT
|
| 992 |
# |
# |
|a 0
|
| 994 |
# |
# |
|a KCT
|
| 900 |
# |
# |
|a True
|
| 911 |
# |
# |
|a Đào Thị Thu Huyền
|
| 925 |
# |
# |
|a G
|
| 926 |
# |
# |
|a A
|
| 927 |
# |
# |
|a SH
|
| 980 |
# |
# |
|a Thư viện Trường Đại học Đà Lạt
|